LEADER 01230nam0-2200385---450- 001 990009382490403321 005 20120615115052.0 010 $a978-88-7192-738-1 035 $a000938249 035 $aFED01000938249 035 $a(Aleph)000938249FED01 035 $a000938249 100 $a20110621d2011----km-y0itay50------ba 101 1 $aita$ceng 105 $aa-------001yy 200 1 $aMicroeconomia$eedizione per il corso di microeconomia$efacoltà di economia, Università degli Studi di Torino$fRobert S. Pindyck, Daniel L. Rubinfeld$gedizione italiana a cura di Emanuele Bacchiega 205 $a7. ed. 210 $aMilano$cPearson$d2011 215 $aIV, 477 p.$cill.$d25 cm 454 0$12001$aMicroeconomics$914639 610 0 $aMicroeconomia 676 $a338.5 700 1$aPindyck,$bRobert S.$f<1945- >$0117280 701 1$aRubinfeld,$bDaniel L.$089161 702 1$aBacchiega,$bEmanuele 801 0$aIT$bUNINA$gRICA$2UNIMARC 901 $aBK 912 $a990009382490403321 952 $aECMIC29A$b19890$fDECBC 952 $aECMIC29B$b19891$fDECBC 952 $aECMIC29C$b19892$fDECBC 952 $aECMIC29D$b20504$fDECBC 959 $aDECBC 996 $aMicroeconomics$914639 997 $aUNINA LEADER 05465nam 22007094a 450 001 9910451461603321 005 20210811014405.0 010 $a1-282-19527-1 010 $a9786612195273 010 $a3-11-020095-3 024 7 $a10.1515/9783110200959 035 $a(CKB)1000000000520530 035 $a(EBL)325664 035 $a(OCoLC)191952911 035 $a(SSID)ssj0000207257 035 $a(PQKBManifestationID)11184677 035 $a(PQKBTitleCode)TC0000207257 035 $a(PQKBWorkID)10236531 035 $a(PQKB)10873796 035 $a(MiAaPQ)EBC325664 035 $a(DE-B1597)32721 035 $a(OCoLC)979911970 035 $a(DE-B1597)9783110200959 035 $a(Au-PeEL)EBL325664 035 $a(CaPaEBR)ebr10194854 035 $a(CaONFJC)MIL219527 035 $a(EXLCZ)991000000000520530 100 $a20030501d2003 uy 0 101 0 $aeng 135 $aurun#---|u||u 181 $ctxt 182 $cc 183 $acr 200 10$aMuslims and others$b[electronic resource] $erelations in context /$fJacques Waardenburg 210 $aBerlin ;$aNew York $cWalter de Gruyter$d2003 215 $a1 online resource (539 p.) 225 1 $aReligion and reason ;$vv. 41 300 $aDescription based upon print version of record. 311 0 $a3-11-055237-X 311 0 $a3-11-017627-0 320 $aIncludes bibliographical references and indexes. 327 $tFront matter --$tContent --$tIntroduction --$tChapter 1. Christians, Muslims, Jews, and their Religions --$tChapter 2. Three Monotheistic Religions: Structure and Patterns of Meaning --$tChapter 3. The Earliest Relations of Islam with other Religions --$tChapter 4. Cases of Interreligious Dialogue under Muslim Rule --$tChapter 5. Two Shining Lights: Medieval Islam and Christianity --$tChapter 6. World Religions Seen in Islamic Light --$tChapter 7. Twentieth Century Writings about Other Religions: A Classification --$tChapter 8. Some Observations on Muslim Studies of Religions --$tChapter 9. Some Muslim Reflections on the West --$tChapter 10. Europe and its Muslim Neighbors: Glimpses of Dialogue --$tChapter 11. Muslims and Their Islam in Europe: Initiatives and Responses --$tChapter 12. Diversity and Unity of Islam in Europe: Islamic Constructs --$tChapter 13. Muslims and Others in Europe: Cultural and Intercultural Contacts --$tChapter 14. Muslim Minorities: Politics and Religion in the Balkans --$tChapter 15. Muslim-Christian Minority Problems in Europe and the Middle East --$tChapter 16. Issues in Muslim-Christian Relations --$tChapter 17. Between Baghdad and Birmingham: Opportunities of Minorities --$tChapter 18. Muslims and Christians: Changing Identities --$tChapter 19. Muslims and Westerners: Changing Attitudes --$tBack matter 330 $aJacques Waardenburg untersucht Beziehungen zwischen Muslimen und Angehörigen anderer Religionen. Nachdem sein Band "Islam" (2002 bei de Gruyter erschienen) verschiedene Aspekte des Islam aus der Sicht eines Außenstehenden beleuchtet hat, wechselt im zweiten Band die Perspektive. Waardenburg zeigt, wie Muslime Nicht-Muslime über viele Jahrhunderte religiösen Dialogs und religiöser Spannungen hinweg wahrgenommen haben - besonders das Christentum und die sog. westliche Welt, aber auch das Judentum und asiatische Religionen. Dabei befasst er sich insbesondere mit muslimischen Minderheiten in westlichen Ländern und mit interreligiösem Dialog, über den er als Teilnehmer zahlreicher Dialog-Foren Wissen aus erster Hand liefert. Nach 50-jähriger Forschung und persönlichem Engagement plädiert Waardenburg für gegenseitiges Verständnis und für eine Aussöhnung zwischen Islam und anderen Religionen, besonders dem Christentum. Das gilt sowohl auf internationaler als auch auf lokaler Ebene, wo "alte" und "neue", christliche und muslimische Europäer zusammenleben. 330 $aJacques Waardenburg writes about relations between Muslims and adherents of other religions. After illuminating various aspects of Islam from an outside point of view in his volume "Islam" (published in 2002 by de Gruyter) his second volume changes the perspective: The author shows how Muslims perceived non-Muslims - particularly Christianity and "the West", but also Judaism and Asian religions - in many centuries of religious dialogue and tensions. The main focus is on Muslim minorities in Western countries and on religious dialogues of which he provides first-hand knowledge through his participation in several important dialogue meetings. After 50 years of research and personal involvement, Waardenburg aims at a mutual understanding and reconciliation of Islam and other religions, particularly Christianity, both on an international level as well as on a more local level where "old" and "new", Christian and Muslim Europeans live together. 410 0$aReligion and reason ;$v41. 606 $aIslam$xRelations 606 $aMuslims$zNon-Muslim countries 607 $aEurope$xEthnic relations 607 $aIslamic countries$xRelations$zEurope 607 $aEurope$xRelations$zIslamic countries 608 $aElectronic books. 615 0$aIslam$xRelations. 615 0$aMuslims 676 $a297.2/8 700 $aWaardenburg$b Jacques$f1930-2015.$0131041 801 0$bMiAaPQ 801 1$bMiAaPQ 801 2$bMiAaPQ 906 $aBOOK 912 $a9910451461603321 996 $aMuslims and others$92454903 997 $aUNINA LEADER 03307nam 22006135 450 001 9910983068903321 005 20250806174009.0 010 $a9789819768479 010 $a9819768470 024 7 $a10.1007/978-981-97-6847-9 035 $a(CKB)37203654600041 035 $a(MiAaPQ)EBC31878924 035 $a(Au-PeEL)EBL31878924 035 $a(DE-He213)978-981-97-6847-9 035 $a(OCoLC)1498708711 035 $a(EXLCZ)9937203654600041 100 $a20250114d2025 u| 0 101 0 $aeng 135 $aur||||||||||| 181 $ctxt$2rdacontent 182 $cc$2rdamedia 183 $acr$2rdacarrier 200 10$aAdvanced Controllers Design for Hybrid Active Power Filters /$fby Chi-Seng Lam, Cheng Gong, Wai-Kit Sou 205 $a1st ed. 2025. 210 1$aSingapore :$cSpringer Nature Singapore :$cImprint: Springer,$d2025. 215 $a1 online resource (229 pages) 225 0 $aEngineering Series 311 08$a9789819768462 311 08$a9819768462 327 $aIntroduction -- Deadbeat Current Control for LC HAPF -- Improved Model Predictive Control for LC HAPF -- Vector Proportional Integral Control for LC HAPF -- Second Order Sliding Model Control for LC HAPF -- Multi Quasi Proportional Resonant Control for TCLC HAPF -- H Control for TCLC HAPF -- Finite Set Model Predictive Control for TCLC HAPF -- Finite Set Hybrid Model Predictive Control for TCLC HAPF -- Second Order Sliding Model Observer based Second Order Sliding Model Control for TCLCHAPF -- Conclusions and Prospective for Further Work. 330 $aThe book focuses on different advanced current control strategies of LC-coupling hybrid active power filter (LC-HAPF) and Thyristor controlled LC-coupling hybrid active power filter (TCLC-HAPF). Both topologies and their corresponding advanced current control strategies are introduced, with more weight placed on the current control strategies. A total of 9 advanced current control strategies are studied in details for both LC-HAPF and TCLC-HAPF. The comprehensive and systematic treatment of advanced current controller design is one of the major features of the book, which is particularly suitable for readers who are interested in learning the design and implementation of current controller design for HAPFs. The book can benefit researchers, engineers, undergraduate and postgraduate students in the fields of electrical and electronic engineering, power electronics, control strategy, etc. 606 $aPower electronics 606 $aElectronic circuit design 606 $aAutomatic control 606 $aPower Electronics 606 $aElectronics Design and Verification 606 $aControl and Systems Theory 615 0$aPower electronics. 615 0$aElectronic circuit design. 615 0$aAutomatic control. 615 14$aPower Electronics. 615 24$aElectronics Design and Verification. 615 24$aControl and Systems Theory. 676 $a621.381044 700 $aLam$b Chi-Seng$0762978 701 $aGong$b Cheng$01785886 701 $aSou$b Wai-Kit$01785887 801 0$bMiAaPQ 801 1$bMiAaPQ 801 2$bMiAaPQ 906 $aBOOK 912 $a9910983068903321 996 $aAdvanced Controllers Design for Hybrid Active Power Filters$94317342 997 $aUNINA